ბათუმის შოთა რუსთაველის სახელმწიფო უნივერსიტეტის ბიბლიოთეკა

ლიტერატურული ძიებანი. (ბიბ.ჩანაწერი № 44736)

000 -LEADER
fixed length control field 00853nam a2200205Ia 4500
001 - CONTROL NUMBER
control field 11541
003 - CONTROL NUMBER IDENTIFIER
control field GE_BSU
008 - FIXED-LENGTH DATA ELEMENTS--GENERAL INFORMATION
fixed length control field 181216s||||||||xx |||||||||||||| ||und||
040 ## - CATALOGING SOURCE
Transcribing agency GE_BSU
080 ## - UNIVERSAL DECIMAL CLASSIFICATION NUMBER
Universal Decimal Classification number 821.353.1(09)
245 ## - TITLE STATEMENT
Title ლიტერატურული ძიებანი.
245 ## - TITLE STATEMENT
Remainder of title შრომების კრებული. XI.
245 ## - TITLE STATEMENT
Statement of responsibility, etc. სარედ.კოლეგია:გიორგი ლეონიძე (პ/მგ.რედ.) გიორგი აბზიანიძე;ალექსანდრე ბარამიძე და სხვ.
260 ## - PUBLICATION, DISTRIBUTION, ETC.
Place of publication, distribution, etc. თბილისი.
260 ## - PUBLICATION, DISTRIBUTION, ETC.
Name of publisher, distributor, etc. საქ.სსრ მეცნ.აკად.გამბა.
260 ## - PUBLICATION, DISTRIBUTION, ETC.
Date of publication, distribution, etc. 1958.
300 ## - PHYSICAL DESCRIPTION
Extent 470გვ;26სმ.
653 ## - INDEX TERM--UNCONTROLLED
Uncontrolled term ლიტერატურული ძიებანი.
942 ## - ADDED ENTRY ELEMENTS (KOHA)
Koha item type წიგნი
ეგზემპლარები
Withdrawn status Lost status Damaged status Not for loan Date acquired Barcode Date last seen Price effective from Koha item type
        2018-12-17 19381 2018-12-17 2018-12-17 წიგნი
        2018-12-17 19382 2018-12-17 2018-12-17 წიგნი
        2018-12-17 19383 2018-12-17 2018-12-17 წიგნი